Brock biology of microorganisms
This classic text of microbiology covers molecular biology, medical biology, genetics, immunology, viruses and many other topics related to public health and disease control.
Guardado en:
| Formato: | Libro |
|---|---|
| Lenguaje: | Undetermined |
| Publicado: |
Upper Saddle River, NJ
Pearson Prentice Hall
2015
|
| Materias: | |
| Etiquetas: |
Agregar Etiqueta
Sin Etiquetas, Sea el primero en etiquetar este registro!
|
| Thư viện lưu trữ: | Trung tâm Học liệu Trường Đại học Cần Thơ |
|---|
| LEADER | 00933nam a2200217Ia 4500 | ||
|---|---|---|---|
| 001 | CTU_224634 | ||
| 008 | 210402s9999 xx 000 0 und d | ||
| 020 | |c 748000 | ||
| 082 | |a 579 | ||
| 082 | |b B864 | ||
| 245 | 0 | |a Brock biology of microorganisms | |
| 245 | 0 | |c Michael Madigan, ... [et al.] | |
| 260 | |a Upper Saddle River, NJ | ||
| 260 | |b Pearson Prentice Hall | ||
| 260 | |c 2015 | ||
| 520 | |a This classic text of microbiology covers molecular biology, medical biology, genetics, immunology, viruses and many other topics related to public health and disease control. | ||
| 526 | |a Công nghệ sinh học môi trường,Vi sinh vật đất,Vi sinh vật chuyên sâu,Ứng dụng vi sinh trong cải tạo môi trường đất | ||
| 526 | |b CS631,CSV616,CS606,NND608 | ||
| 650 | |a Microbiology,Vi trùng học | ||
| 904 | |i Tuyến | ||
| 980 | |a Trung tâm Học liệu Trường Đại học Cần Thơ | ||